000 00609nam a2200193Ia 4500
005 20250326142358.0
008 250326s9999 xx 000 0 und d
020 _a0-295-96343-3
037 _aTextbook
040 _aFMSL
_beng
_cFMSL
041 _aeng
_2eng
084 _aX:5.42 M6
_qFMSL
100 _aSaxonhouse G R
_9745979
245 0 _aLaw and trade Issues of the Japanese Economy : American and Japanese Perspectives
_cSaxonhouse G R; Yamamura K
260 _aUSA
_bUSA, University of Washington Press
_c1986
300 _a310p
942 _cTB
_hX:5.42 M6
999 _c1294742
_d1294742